00737 2200265 4500001002100000005001500021035002000036007000300056008004100059020001800100082000800118084001400126100001800140245005100158250002100209260003800230300005800268600001500326700002300341700001800364700002000382990002300402990002300425990002300448INLIS00000000000410520260528102105 a0010-0921000190ta260528 0  a979-007-241-1 a342 a342 HAR h0 aHartinia, Sri1 aHukum Kepegawaian di Indonesia /cSri Hartinia a--Cet.1, Ed.1.-- a--Jakarta :bSinar Grafika,c2008 ax, 198 hlm. :billus. ;c23 cmeBibliografi, hlm 177 4aIlmu Hukum0 aSetiajeng Kadarsih0 aTedi Sudrajat0 aeditor, Tarmizi a13494/Br-KAPD/2010 a13495/Br-KAPD/2010 a13496/Br-KAPD/2010